| 000 | 00412nam a2200157Ia 4500 | ||
|---|---|---|---|
| 008 | 230718s9999 xx 000 0 und d | ||
| 041 | _aeng | ||
| 082 |
_a621.8'15 _bORT |
||
| 100 |
_aOrthwein W. _9151178 |
||
| 245 | _aMachine Component Design | ||
| 260 |
_c1999 _bJaico Publishing House |
||
| 300 | _a999 | ||
| 365 |
_cRs. _b295.00 |
||
| 700 |
_aOrthwein W. _9151178 |
||
| 906 |
_dB:179821-Jul-1999 _cMECH _b47.2 |
||
| 999 |
_c299277 _d299277 |
||